Statistics for Cliche Quotes Quiz #2

Click here to take the quiz!

General Stats

  • This quiz has been taken 40,852 times
    (40,830 since last reset)
  • The average score is 17 of 24

Answer Stats

Quote% Correct
The apple doesn't fall far from the {tree}
98%
A picture is worth a {thousand} words
96%
Better safe than {sorry}
95%
Curiosity killed the {cat}
95%
The grass is always {greener} on the other side
95%
What doesn't kill us makes us {stronger}
95%
{Rome} wasn't built in a day
91%
Time heals all {wounds}
89%
The pen is mightier than the {sword}
84%
Every {cloud} has a silver lining
83%
People who live in {glass} houses shouldn't throw stones
82%
{Great} {minds} think alike
81%
Idle hands are the {devil}'s playthings
76%
It's easier to ask for {forgiveness} than it
is to get permission
65%
A fool and his {money} are soon parted
56%
{Nice} {guys} finish last
56%
{Hindsight} is 20/20
55%
{Variety} is the spice of life
52%
The {squeaky} wheel gets the grease
48%
{Imitation} is the sincerest form of flattery
47%
An ounce of {prevention} is worth a pound of cure
39%
Close only counts in {horseshoes} and
hand grenades
39%
Familiarity breeds {contempt}
39%
{Nature} abhors a vacuum
18%

Score Distribution

Percentile by Number Answered

Percent of People with Each Score

Your Score History

You have not taken this quiz since the last reset